LEADER 03532nam 2200493 450 001 9910466429603321 005 20200520144314.0 010 $a3-11-056988-4 010 $a3-11-057226-5 024 7 $a10.1515/9783110572261 035 $a(CKB)4100000003666439 035 $a(MiAaPQ)EBC5156297 035 $a(DE-B1597)488676 035 $a(OCoLC)1032676810 035 $a(DE-B1597)9783110572261 035 $a(Au-PeEL)EBL5156297 035 $a(CaPaEBR)ebr11567622 035 $a(EXLCZ)994100000003666439 100 $a20180612d2018 uy 0 101 0 $aeng 135 $aurcnu|||||||| 181 $ctxt$2rdacontent 182 $cc$2rdamedia 183 $acr$2rdacarrier 200 00$aEpistemic modalities and evidentiality in cross-linguistic perspective /$fedited by Zlatka Guentcheva 205 $aFirst edition. 210 1$aBerlin ;$aBoston :$cDe Gruyter Mouton,$d[2018] 210 4$d©2018 215 $a1 online resource (432 pages) 225 0 $aEmpirical Approaches to Language Typology [EALT] ;$v59 311 $a3-11-052419-8 327 $tFrontmatter -- $tContents -- $tEditorial Preface / $rGuentchéva, Zlatka -- $tList of Contributors -- $tPart I: Germanic languages -- $tEpistemic modality, Danish modal verbs and the tripartition of utterances / $rHerslund, Michael -- $tEpistemic evaluation in factual contexts in English / $rCelle, Agnès -- $tSHOULD in Conditional Clauses: When Epistemicity Meets Appreciative Modality / $rDufaye, Lionel -- $tPart II: Romance languages -- $tEpistemic modality and evidentiality in Romance: the Reportive Conditional / $rKronning, Hans -- $tEpistemic modality and perfect morphology in Spanish and French / $rLaca, Brenda -- $tAnchoring evidential, epistemic and beyond in discourse: alào, vantér and vér in Noirmoutier island (Poitevin-Saintongeais) / $rLéonard, Jean Léo -- $tA prosody account of (inter)subjective modal adverbs in Spanish / $rNebot, Adrián Cabedo / Cornillie, Bert -- $tFrench expressions of personal opinion: je crois / pense / trouve / estime / considère que p / $rGosselin, Laurent -- $tMirative extensions in Romance: evidential or epistemic? / $rSquartini, Mario -- $tThe Italian epistemic future and Russian epistemic markers as linguistic manifestations of conjectural conclusion: a comparative analysis / $rBonola, Anna -- $tEpistemic modality, evidentiality, quotativity and echoic use / $rHolvoet, Axel -- $tEvidentiality, epistemic modality and negation in Lithuanian: revisited / $rPetit, Daniel -- $tPart IV: Non Indo-European languages -- $tTwo kinds of epistemic modality in Hungarian / $rKiefer, Ferenc -- $tEpistemic modalities in spoken Tibetan / $rVokurková, Zuzana -- $tIntersubjectification revisited: a cross-categorical perspective / $rBergqvist, Henrik -- $tInference crisscross: Disentangling evidence, stance and (inter)subjectivity in Yucatec Maya / $rVapnarsky, Valentina -- $tPart V: Theoretical perspectives -- $tEpistemic modality and evidentiality from an enunciative perspective / $rDesclés, Jean-Pierre -- $tAbout Contributors -- $tAuthor Index -- $tSubject Index -- $tLanguage Index 606 $aModality (Linguistics) 608 $aElectronic books. 615 0$aModality (Linguistics) 676 $a415.6 702 $aGuentche?va$b Zlatka 801 0$bMiAaPQ 801 1$bMiAaPQ 801 2$bMiAaPQ 906 $aBOOK 912 $a9910466429603321 996 $aEpistemic modalities and evidentiality in cross-linguistic perspective$92491342 997 $aUNINA